000 00657nam a2200253Ia 4500
003 OSt
005 20221006144051.0
006 a|||||r|||| 00| 0
007 ta
008 221006b |||||||| |||| 00| 0 eng d
020 _c
_8.75
024 _a10,786
037 _cTextual
040 _aEASL
_cEASL
_beng
041 _2eng
_aeng
082 _aW691:8.1.N5, K0
100 _aDANIELS Robert V Ed.
245 0 _aDocumentary history of communism
260 _aNew York
_bRandom House
_c1960
300 _a393p.
_ccm.
490 _v Oth
942 _hW691:8.1.N5, K0
_cTEXL
_2CC
999 _c1078872
_d1078872